000
00311nam a2200133Ia 4500
005
20251222140101.0
008
251222s1900||||xx |||||||||||||| ||spa||
020
_a
8425415497
082
_a
160/D92
100
_a
Dóriga, Enrique L.
245
0
_a
Metodología del Pensamiento:
264
_b
Herder
942
_c
LIB
999
_c
3952
_d
3952